| 000 | 00728cam a2200205Ia 4500 | ||
|---|---|---|---|
| 020 | _a0333726170 (Macmillan) | ||
| 020 | _a0389210234 (Barnes & Noble) | ||
| 020 | _a9712201295 (IRRI) | ||
| 040 | _cEUN | ||
| 082 | 0 | 4 | _a307 BAR 2000 A019 Or. |
| 100 | 1 | _aHayami, Y¿±jir¿, | |
| 245 | 1 | 2 |
_aA rice village saga : _bthree decades of Green Revolution in the Philippines / |
| 260 |
_aBasingstoke, England : _bMacmillan ; _aLanham, Md. : _bBarnes & Noble ; in association with International Rice Research Institute, _c2000 |
||
| 300 |
_axviii, 274 p. : _bill., maps ; _c23 cm |
||
| 650 | 0 | _aGreen Revolution | |
| 650 | 0 | _aAgricultural innovations | |
| 650 | 0 | _aAgriculture and state | |
| 700 | 1 | _aKikuchi, Masao | |
| 942 | _cEK | ||
| 999 |
_c12237 _d12237 |
||